000 01522cam a2200361 i 4500
001 58674
003 Mx-PuUPA
005 20250818122441.0
008 140415s2015 mx ad gr 001 0 spa d
020 _a9786070270093
_qrústica
020 _a9786070269875
_qcolección rústica
040 _aMx-PuUPA
_bspa
_cMx-PuUPA
_dMx-PuUPA
_erda
041 0 _aspa
_heng
043 _an-mx---
100 1 _aJiménez, René,
_917317
_eautor
245 1 0 _aPercepción del desempeño de las instituciones de seguridad y justicia /
_bRené Jiménez, Carlos Silva Forné
246 1 3 _aPercepción del desempeño de las instituciones de seguridad y justicia :
_bencuesta nacional de Seguridad Pública
250 _aPrimera edición /
_bagosto
264 1 _aMéxico, D.F. :
_bUniversidad Nacional Autónoma de México,
_c2015
300 _a184 páginas :
_bilustraciones, gráficas ;
_c23 cm
336 _2rdacontent
_atexto
_btxt
337 _2rdamedia
_asin medio
_bn
338 _2rdacarrier
_avolumen
_bnc
490 0 _aLos mexicanos vistos por sí mismos. Los grandes temas nacionales ;
_v22
650 7 _2armarc
_aSeguridad pública
_xAspectos sociales
_zMéxico
_ySiglo XXI
650 7 _2armarc
_aAdministración de justicia
_zMéxico
651 4 _aMéxico
_xCondiciones sociales
_ySiglo XXI
700 1 _aSilva Forné, Carlos,
_eautor
942 _2ddc
_cLI
_h363.10972
_iJ64
999 _c58674
_d58674